000 01268nam0a22003131 4500
001 RU\INFOCOMM_322\NLR\5000073227
005 20250613103614.0
035 _a(NLR Aleph) 009474519
090 _a8548159
_c8548159
100 _a20121122d1981 |||y0rusy50 ca
101 0 _aspa
102 _aRU
105 _ay z |||||
200 1 _aLas fronteras de China
_edel expansionismo, tradicional al hegemonismo contemporáneo
_fVladimir Yásenev, Evgueni Stepánov
210 _aM.
_cEd. de la Agencia de prensa "Nóvosti"
_d1981
215 _a133 с.
_d16 см
300 _aВ вып. дан.: Границы Китая: От традиционного экспансионизма к современному гегемонизму / В. Ясенев, Е. Степанов
607 _aКитайская Народная Республика
_xИстория
_z1949
_2nlr_sh1
620 _aМосква
686 _aТ3(5Кит)72-601
_2rubbk
700 1 _9z01790
_aJasenev
_bV. S.
_gVladimir S.
701 1 _9z02790
_aStepanov
_bE.
_gEvgenij
790 1 _9z01700
_aYásenev
_bV.
_gVladimir
_4070
790 1 _9z02701
_aStepánov
_bE.
_gEvgueni
_4070
801 1 _aRU
_bNLR
_c20121122
801 0 _aRU
_bINFOCOMM
_gPSBO
852 _aNLR
_jИ91 Д-1/126
942 _cBOOK
980 _aNB